International land performance framework (Record no. 122224)

MARC details
000 -LEADER
fixed length control field 02721nam a22003017a 4500
005 - DATE AND TIME OF LATEST TRANSACTION
control field 20251124103910.0
008 - FIXED-LENGTH DATA ELEMENTS--GENERAL INFORMATION
fixed length control field 251124t2025 xxk|||||o|||| 00| 0 eng d
020 ## - INTERNATIONAL STANDARD BOOK NUMBER
ISBN 9781783215652
041 ## - LANGUAGE CODE
Language code of text/sound track or separate title eng
110 ## - MAIN ENTRY--CORPORATE NAME
Corporate author Royal Institution of Chartered Surveyors
245 ## - TITLE STATEMENT
Title International land performance framework
Medium [Electronic resource]
250 ## - EDITION
Edition statement 1st ed.
260 ## - PUBLICATION INFORMATION
Place of publication London,
Publisher Royal Institution of Chartered Surveyors,
Date November 2025
300 ## - PHYSICAL DESCRIPTION
Physical description 24p
490 ## - SERIES TITLE
Series statement RICS Practice Information
520 ## - ABSTRACT
Abstract RICS International Land Performance Framework (ILPF) is a tool that provides a clear, practical pathway to measuring the holistic performance of rural land assets. It supports businesses in measuring both strategic and operational land performance, enabling them to identify improvement opportunities and mitigate performance risks.<br/><br/>By linking key performance indicators to core business objectives, organisations can make informed decisions about land use and drive meaningful performance improvements.​<br/><br/>The Framework is applicable across all jurisdictions, land types, scales and uses, covering soil, water, minerals, agriculture, forestry, natural capital, energy, utilities, land rights and access. Users can start with selected KPIs and expand their portfolio as needs evolve and data availability increases, accommodating businesses of all sizes and levels of sophistication.​<br/><br/>It allows for each organisation to design KPIs specific to their objectives and stakeholder requirements, ensuring relevance and practical application. The Framework emphasises reliable data capture, analysis and reporting to ensure credible performance measurement.​<br/><br/>For example, a user might want to measure tonnes of carbon sequestered by an area of land, number of visitors availing of open access on their land, length of agricultural tenancies, diversity of species, profit margins on agricultural activities by sector. There is no limit to the KPIs that can be developed.
650 ## - KEYWORDS
Keywords BIODIVERSITY
650 ## - KEYWORDS
Keywords LAND MANAGEMENT
650 ## - KEYWORDS
Keywords RURAL LAND
650 ## - KEYWORDS
Keywords SOIL
650 ## - KEYWORDS
Keywords SUSTAINABILITY
651 ## - SUBJECT ADDED ENTRY--GEOGRAPHIC NAME
Geographic name International
710 ## - ADDED CORPORATE NAME
Added corporate author Royal Institution of Chartered Surveyors
856 ## - ONLINE RESOURCE
Uniform Resource Identifier <a href="https://www.rics.org/profession-standards/rics-standards-and-guidance/sector-standards/land-standards/international-land-performance-framework">https://www.rics.org/profession-standards/rics-standards-and-guidance/sector-standards/land-standards/international-land-performance-framework</a>
Public note Overview page and FAQs
856 ## - ONLINE RESOURCE
Uniform Resource Identifier <a href="https://www.rics.org/content/dam/ricsglobal/documents/standards/International-land-performance-framework_1st-edition_November-2025.pdf">https://www.rics.org/content/dam/ricsglobal/documents/standards/International-land-performance-framework_1st-edition_November-2025.pdf</a>
Public note Practice Information
856 ## - ONLINE RESOURCE
Uniform Resource Identifier <a href="https://www.rics.org/content/dam/ricsglobal/documents/standards/ilpf-kpi-listing.xlsx">https://www.rics.org/content/dam/ricsglobal/documents/standards/ilpf-kpi-listing.xlsx</a>
Public note Key performance indicators
942 ## - ADDED ENTRY ELEMENTS (KOHA)
Suppress in OPAC Do not suppress in OPAC
Holdings
Lost status Damaged status Not for loan Current library Shelving location Date acquired Total Checkouts Full call number Date last seen Price effective from Koha item type
      Virtual Online 24/11/2025   ONLINE PUBLICATION 24/11/2025 24/11/2025 Online material